Countries with Capitals Starting with K - Statistics

General Stats
  • This quiz has been taken 28 times
  • The average score is 7 of 11
Answer Stats
Answer % Correct
Ukraine
81%
Congo, Democratic Republic of the
70%
Uganda
70%
Jamaica
67%
Kuwait
67%
Malaysia
67%
Nepal
67%
Afghanistan
63%
Rwanda
52%
Saint Vincent and the Grenadines
52%
Sudan
48%
No matching quizzes found
Score Distribution
Percent of People with Each Score
Percentile by Number Answered
Your Score History
You have not taken this quiz